000 00636nam a2200205 i 4500
001 99840
003 ES-MaACL
005 20250828114218.0
007 t|
008 050919s1985 sp ||||1| spa d
020 _a84-277-0708-8
100 1 _aMartínez Muñiz, Baudilio.
_978266
245 1 3 _aLa ayuda psicopedagógica compensatoria de carencias ambientales /
_cBaudilio Martínez Muñiz.
260 _aMadrid :
_bNarcea,
_c1985.
300 _a115 p. ;
_c22 cm.
490 1 _aEducación hoy
830 0 0 _aColección educación hoy (Narcea)
_9220320
852 _aES-MaACL
_jL-11111
_bR.111596
999 _c99840
_d99840